000 00444nam a2200181Ia 4500
001 3613
005 20260306145656.0
008 260306t1999||||xx |||||||||||||| ||spa||
041 _aESP
082 _a300.072
_bB11
100 _aBabbie, Earl [1938-...]
_eAUT
245 0 _aFundamentos de la investigacion social
260 _c1999
300 _axxii, 473 páginas :
_c26 cm.
650 _aGEN
654 _aCHU
942 _cLIB
_dJUS
_fJUS
_2ddc
_n
999 _c3613
_d3613